[Event "V4 OPEN - International Championship of Slovakia 2
[Site "Banska Stiavnica"]
[Date "2013.07.07"]
[Round "2"]
[Board "46"]
[White "Jancura, Andrej"]
[Black "Novotny, Michal"]
[Result "1/2-1/2"]
[WhiteElo "1885"]
[BlackElo "1984"]
[PlyCount "59"]
[EventDate "2013.07.06"]
[EventRounds "9"]
[EventCountry "SVK"]

1. Nf3 d5 2. d4 Nf6 3. g3 e6 4. Bg2 Nbd7 5. O-O c5 6. c4 Nb6 7. cxd5 exd5 8.
Nc3 Be7 9. Bg5 c4 10. b3 O-O 11. Rc1 Ba3 12. Rc2 Bf5 13. e4 dxe4 14. Nh4 cxb3
15. axb3 Be6 16. Ra2 Be7 17. Nxe4 Nbd5 18. Nc5 Bc8 19. Qf3 Bg4 20. Qd3 Nb4 21.
Qb1 Nxa2 22. Qxa2 Qxd4 23. Nxb7 Be6 24. Na5 Bd5 25. Nf5 Qe5 26. Nxe7+ Qxe7 27.
Bxf6 Qxf6 28. Bxd5 Rad8 29. Bg2 Qc3 30. Nc4 1/2-1/2

[Event "V4 OPEN - International Championship of Slovakia 2
[Site "Banska Stiavnica"]
[Date "2013.07.07"]
[Round "2"]
[Board "47"]
[White "Hros, Roman"]
[Black "Recky, Norbert"]
[Result "1/2-1/2"]
[WhiteElo "1982"]
[BlackElo "1879"]
[PlyCount "81"]
[EventDate "2013.07.06"]
[EventRounds "9"]
[EventCountry "SVK"]

1. e4 c5 2. Nf3 d6 3. d4 cxd4 4. Nxd4 Nf6 5. Nc3 a6 6. Be3 e5 7. Nb3 Be6 8. Be2
Be7 9. f4 exf4 10. Bxf4 Nc6 11. Bf3 Ne5 12. Nd5 Bxd5 13. exd5 Nxf3+ 14. Qxf3
Qc8 15. c3 Qc4 16. Rd1 Qa4 17. Nc1 Qb5 18. Qe2 Qxe2+ 19. Nxe2 Kd7 20. Kf2 Ng4+
21. Kf3 f5 22. Nd4 g6 23. Rhe1 Bf6 24. Re6 Be5 25. h3 Bxf4 26. hxg4 Be5 27.
gxf5 Raf8 28. g4 h5 29. Rxg6 hxg4+ 30. Kxg4 Rh2 31. Nf3 Rg2+ 32. Kh3 Rxb2 33.
Nxe5+ dxe5 34. f6 Rh8+ 35. Kg3 Rbh2 36. Rg7+ Kd6 37. f7 R8h3+ 38. Kg4 Rh4+ 39.
Kg3 R4h3+ 40. Kg4 Rh4+ 41. Kg3 1/2-1/2

[Event "V4 OPEN - International Championship of Slovakia 2
[Site "Banska Stiavnica"]
[Date "2013.07.07"]
[Round "2"]
[Board "48"]
[White "Chmielewski, Jakub"]
[Black "Nemergut, Patrik"]
[Result "1-0"]
[WhiteElo "1880"]
[BlackElo "1976"]
[PlyCount "61"]
[EventDate "2013.07.06"]
[EventRounds "9"]
[EventCountry "SVK"]

1. e4 e5 2. Nf3 Nc6 3. Nc3 Bc5 4. Nxe5 Nxe5 5. d4 Bd6 6. dxe5 Bxe5 7. f4 Bxc3+
8. bxc3 Qe7 9. Bd3 d5 10. O-O dxe4 11. Bxe4 Nf6 12. Bf3 O-O 13. Re1 Qc5+ 14.
Qd4 Qf5 15. Ba3 Re8 16. Rxe8+ Nxe8 17. Qd8 Qe6 18. Be7 Bd7 19. Qxa8 Qxe7 20.
Rd1 g6 21. Qxb7 Qe3+ 22. Kh1 Qxc3 23. Qb3 Qc5 24. Qd5 Qxd5 25. Rxd5 Nd6 26. Ra5
Bf5 27. Rxa7 c5 28. Ra6 Nb5 29. Ra5 Nc3 30. g4 Be6 31. f5 1-0

[Event "V4 OPEN - International Championship of Slovakia 2
[Site "Banska Stiavnica"]
[Date "2013.07.07"]
[Round "2"]
[Board "49"]
[White "Durica, Andrej"]
[Black "Gombar, Peter"]
[Result "1-0"]
[WhiteElo "1854"]
[BlackElo "1964"]
[PlyCount "81"]
[EventDate "2013.07.06"]
[EventRounds "9"]
[EventCountry "SVK"]

1. e4 e6 2. d4 d5 3. e5 c5 4. c3 Nc6 5. Nf3 Qb6 6. Bd3 cxd4 7. cxd4 Nge7 8. O-O
Bd7 9. Nc3 Ng6 10. Be3 Nb4 11. Be2 Rc8 12. h4 Be7 13. h5 Nh4 14. Nxh4 Bxh4 15.
a3 Na6 16. Qd2 Qd8 17. Nb5 Be7 18. Nxa7 Ra8 19. Nb5 O-O 20. Rac1 Qb6 21. Nc3
Rac8 22. Bd3 f5 23. g3 Nb8 24. Kg2 Bc6 25. Rh1 Nd7 26. Ne2 Nxe5 27. dxe5 d4+
28. Kh2 dxe3 29. fxe3 Bxh1 30. Rxh1 Bc5 31. e4 Be3 32. Qe1 Qxb2 33. exf5 Rc1
34. Qb4 Rxh1+ 35. Kxh1 Qxb4 36. axb4 exf5 37. Bc4+ Kh8 38. e6 g6 39. Bb5 Bg5
40. Nf4 Bxf4 41. gxf4 1-0

[Event "V4 OPEN - International Championship of Slovakia 2
[Site "Banska Stiavnica"]
[Date "2013.07.07"]
[Round "2"]
[Board "50"]
[White "Nowak, Lukasz"]
[Black "Malinovsky, Jozef"]
[Result "1-0"]
[WhiteElo "1955"]
[BlackElo "1846"]
[PlyCount "119"]
[EventDate "2013.07.06"]
[EventRounds "9"]
[EventCountry "SVK"]

1. e4 c5 2. Nf3 d6 3. d4 cxd4 4. Nxd4 Nf6 5. Nc3 a6 6. Be3 Nc6 7. f3 Qc7 8. Qd2
Bd7 9. g4 Nxd4 10. Bxd4 Bc6 11. O-O-O Nd7 12. Kb1 e6 13. g5 b5 14. Bd3 b4 15.
Ne2 e5 16. Be3 d5 17. exd5 Bxd5 18. Be4 Bxe4 19. fxe4 Be7 20. Ng3 g6 21. h4 Rd8
22. Qf2 a5 23. h5 Rf8 24. hxg6 hxg6 25. Rdf1 Qc4 26. b3 Qe6 27. Rh6 Qg4 28. Rh7
Qe6 29. Qe2 Rc8 30. Rh6 a4 31. Nf5 Qc6 32. Bc1 a3 33. Rd1 Bc5 34. Rd5 Qc7 35.
Ne3 Bxe3 36. Bxe3 Nb6 37. Bxb6 Qc3 38. Qb5+ Rc6 39. Rxe5+ Kd7 40. Rd5+ Ke6 41.
Re5+ Kd7 42. Qd5+ Kc8 43. Qxc6+ Qxc6 44. Rc5 Kb7 45. Rxc6 Kxc6 46. Be3 Re8 47.
Rh4 Kd6 48. Kc1 Ke5 49. Bc5 Rb8 50. c4 bxc3 51. Kc2 Rd8 52. Kxc3 Rd1 53. Bxa3
Re1 54. Be7 Re3+ 55. Kc4 Re1 56. Bf6+ Ke6 57. a4 Rc1+ 58. Kb5 Rc8 59. a5 Rb8+
60. Ka4 1-0

[Event "V4 OPEN - International Championship of Slovakia 2
[Site "Banska Stiavnica"]
[Date "2013.07.07"]
[Round "2"]
[Board "51"]
[White "Adamciak, Tomas"]
[Black "Kumala, Aleksander"]
[Result "1/2-1/2"]
[WhiteElo "1853"]
[BlackElo "1954"]
[PlyCount "105"]
[EventDate "2013.07.06"]
[EventRounds "9"]
[EventCountry "SVK"]

1. e4 Nf6 2. e5 Nd5 3. d4 d6 4. c4 Nb6 5. exd6 exd6 6. Nc3 Nc6 7. Be3 g6 8. Nf3
Bg7 9. a3 a5 10. Bd3 O-O 11. O-O f5 12. c5 dxc5 13. dxc5 Nd7 14. Bc4+ Kh8 15.
Bg5 Bf6 16. Qc1 Nce5 17. Nxe5 Bxg5 18. Qe1 Nxe5 19. Qxe5+ Bf6 20. Qd5 Bxc3 21.
bxc3 Qxd5 22. Bxd5 c6 23. Bc4 Re8 24. Rfe1 Bd7 25. Bf7 Rxe1+ 26. Rxe1 Rf8 27.
Re7 Bc8 28. Bc4 Rd8 29. f4 h6 30. Kf2 g5 31. Ke3 Bd7 32. g3 Bc8 33. Be2 Kg8 34.
Bc4+ Kh8 35. Bd3 Kg8 36. Re5 Rf8 37. Kd4 Rd8+ 38. Kc4 b5+ 39. Kb3 Rxd3 40. Re8+
Kf7 41. Rxc8 gxf4 42. gxf4 Rf3 43. Rxc6 Rxf4 44. Rxh6 Rc4 45. c6 a4+ 46. Kc2 f4
47. c7 f3 48. Kd3 f2 49. Ke2 Kg7 50. Rh3 Rxc7 51. Kxf2 Kf6 52. Re3 Kf5 53. Kf3
1/2-1/2

[Event "V4 OPEN - International Championship of Slovakia 2
[Site "Banska Stiavnica"]
[Date "2013.07.07"]
[Round "2"]
[Board "52"]
[White "Petras, Marian"]
[Black "Sahidi, Samir"]
[Result "1-0"]
[WhiteElo "1954"]
[BlackElo "1839"]
[PlyCount "141"]
[EventDate "2013.07.06"]
[EventRounds "9"]
[EventCountry "SVK"]

1. e4 e6 2. d4 d5 3. Nc3 Bb4 4. Nge2 dxe4 5. a3 Bxc3+ 6. Nxc3 f5 7. Bf4 Nf6 8.
Bb5+ Bd7 9. Bc4 c6 10. f3 exf3 11. Qxf3 Nd5 12. Bd6 b5 13. Bxd5 cxd5 14. Qe2 a6
15. Nxd5 Kf7 16. Nf4 Re8 17. O-O-O Bc6 18. Be5 Nd7 19. Rd3 Nxe5 20. dxe5 Qg5
21. Qd2 Rad8 22. Rxd8 Rxd8 23. Qe3 Qe7 24. Rd1 Rxd1+ 25. Kxd1 g5 26. Nh3 h6 27.
g3 Qd7+ 28. Ke2 Qc7 29. Nf2 Bd5 30. Kd2 a5 31. Nd3 Be4 32. Nc5 Bd5 33. b3 Kg6
34. Qd4 Qe7 35. Ke3 f4+ 36. Kf2 Qf7 37. g4 Qe7 38. Qd3+ Kf7 39. Qxb5 Qc7 40.
Qd7+ Qxd7 41. Nxd7 Ke7 42. Nf6 Bc6 43. c4 Bb7 44. b4 axb4 45. axb4 Ba8 46. b5
Bb7 47. c5 Bh1 48. h3 Kd8 49. Ng8 Ke8 50. c6 Kf8 51. Nf6 Ke7 52. Nd7 Kd8 53.
Nc5 Bd5 54. Nb7+ Kc7 55. Nd6 Kd8 56. Nf7+ Ke7 57. c7 Kd7 58. b6 Bb7 59. Nd6 Ba6
60. Kf3 Bc8 61. b7 Bxb7+ 62. Nxb7 Kxc7 63. Nd6 Kc6 64. Ke4 Kd7 65. Nf7 Ke7 66.
Nxh6 Kf8 67. Nf5 Kf7 68. Nd4 Ke7 69. Ne2 Kf7 70. Nd4 Ke7 71. Nf3 1-0

[Event "V4 OPEN - International Championship of Slovakia 2
[Site "Banska Stiavnica"]
[Date "2013.07.07"]
[Round "2"]
[Board "54"]
[White "Istok, Vojtech"]
[Black "Gallik, Dalibor"]
[Result "1-0"]
[WhiteElo "1952"]
[BlackElo "1755"]
[PlyCount "105"]
[EventDate "2013.07.06"]
[EventRounds "9"]
[EventCountry "SVK"]

1. d4 Nf6 2. c4 e6 3. Nf3 c5 4. d5 exd5 5. cxd5 Bd6 6. Nc3 Bc7 7. e4 d6 8. h3
Nbd7 9. Bd3 a6 10. a4 Nf8 11. O-O Ng6 12. Be3 O-O 13. Nd2 Bd7 14. f4 Re8 15.
Qf3 Rb8 16. g4 Bc8 17. g5 Nd7 18. Qg3 f6 19. h4 Qe7 20. Rae1 Ndf8 21. Rf2 fxg5
22. hxg5 Qd7 23. f5 Ne5 24. Bf1 b5 25. axb5 axb5 26. Nf3 Nxf3+ 27. Qxf3 c4 28.
Ne2 g6 29. Nd4 Bb6 30. Ne6 Bxe3 31. Rxe3 Qe7 32. Qg3 Nxe6 33. dxe6 Bxe6 34.
fxe6 Qxe6 35. Rf6 Qe5 36. Rxd6 Qxg3+ 37. Rxg3 Rxe4 38. Bg2 Re1+ 39. Kf2 Rb1 40.
Rd2 Rf8+ 41. Ke3 Rc1 42. Kd4 Rf4+ 43. Kc5 c3 44. Bd5+ Kg7 45. bxc3 Rb1 46. Rdd3
h6 47. gxh6+ Kxh6 48. Kd6 g5 49. Rde3 Rd1 50. Ke5 Kg6 51. Be6 b4 52. c4 Rdd4
53. c5 1-0

[Event "V4 OPEN - International Championship of Slovakia 2
[Site "Banska Stiavnica"]
[Date "2013.07.07"]
[Round "2"]
[Board "55"]
[White "Horak, Miroslav"]
[Black "Oszczanowski, Witold"]
[Result "0-1"]
[WhiteElo "1823"]
[BlackElo "1936"]
[PlyCount "44"]
[EventDate "2013.07.06"]
[EventRounds "9"]
[EventCountry "SVK"]

1. c4 e5 2. Nc3 Nc6 3. g3 h5 4. Nf3 d6 5. d3 Be7 6. h4 Be6 7. Nd5 Qd7 8. Nxe7
Ngxe7 9. Bg2 f6 10. Bd2 d5 11. cxd5 Nxd5 12. a3 O-O-O 13. b4 Kb8 14. b5 Nd4 15.
Nxd4 exd4 16. Qc2 Rhe8 17. O-O Bh3 18. Rfe1 g5 19. Rac1 Bxg2 20. Kxg2 gxh4 21.
e4 dxe3 22. fxe3 Qg4 0-1

[Event "V4 OPEN - International Championship of Slovakia 2
[Site "Banska Stiavnica"]
[Date "2013.07.07"]
[Round "2"]
[Board "56"]
[White "Bango, Lukas"]
[Black "Mosny, Jaroslav"]
[Result "1/2-1/2"]
[WhiteElo "1757"]
[BlackElo "1926"]
[PlyCount "50"]
[EventDate "2013.07.06"]
[EventRounds "9"]
[EventCountry "SVK"]

1. c4 f5 2. Nc3 Nf6 3. g3 g6 4. Bg2 Bg7 5. Nf3 O-O 6. O-O d6 7. d4 c6 8. Qc2
Na6 9. a3 Nc7 10. Rd1 Rb8 11. b3 Bd7 12. Bb2 Qe8 13. d5 cxd5 14. cxd5 Rc8 15.
Qd2 e5 16. dxe6 Bxe6 17. Nd4 d5 18. Rac1 Bf7 19. a4 Qe7 20. e3 Ne4 21. Qe2 a6
22. Nb1 Rfe8 23. Ba3 Qf6 24. Bb2 Qe7 25. Ba3 Qf6 1/2-1/2

[Event "V4 OPEN - International Championship of Slovakia 2
[Site "Banska Stiavnica"]
[Date "2013.07.07"]
[Round "2"]
[Board "58"]
[White "Goga, Frantisek"]
[Black "Holtman, Teodor"]
[Result "0-1"]
[WhiteElo "1907"]
[BlackElo "1725"]
[PlyCount "126"]
[EventDate "2013.07.06"]
[EventRounds "9"]
[EventCountry "SVK"]

1. e4 d5 2. e5 c5 3. d4 cxd4 4. Qxd4 Nc6 5. Bb5 e6 6. Nf3 Nge7 7. O-O Bd7 8.
Qg4 Nxe5 9. Bxd7+ Nxd7 10. Nc3 Nf6 11. Qa4+ Nc6 12. Ne5 Qc8 13. Bg5 Be7 14.
Rad1 O-O 15. Rfe1 Nxe5 16. Rxe5 Nd7 17. Bxe7 Nxe5 18. Bxf8 Qxf8 19. Nb5 Nc4 20.
Qb3 Qc5 21. Nd4 Rb8 22. Qg3 Qd6 23. Qxd6 Nxd6 24. b3 Rc8 25. Rc1 e5 26. Ne2 b5
27. Kf1 d4 28. Ke1 b4 29. f3 Nf5 30. g4 Ne3 31. Kd2 Rc6 32. h4 Ra6 33. Ra1 Rf6
34. a3 Ra6 35. a4 Rf6 36. Ng1 g6 37. Kd3 Rc6 38. Rc1 Rc3+ 39. Kd2 Ng2 40. h5
gxh5 41. gxh5 Nf4 42. h6 Rc6 43. Re1 Rxh6 44. Rxe5 Rh2+ 45. Kc1 Rh1 46. Rg5+
Kf8 47. Kd2 Rh2+ 48. Kd1 Ne6 49. Rg3 h5 50. Ne2 h4 51. Rg4 f5 52. Rg1 Rf2 53.
Rh1 h3 54. Rxh3 Rxe2 55. Rh8+ Kg7 56. Re8 Re3 57. Re7+ Kf6 58. Rxa7 Rxf3 59.
Rb7 f4 60. Rxb4 Re3 61. Kd2 f3 62. c3 f2 63. cxd4 f1=Q 0-1

[Event "V4 OPEN - International Championship of Slovakia 2
[Site "Banska Stiavnica"]
[Date "2013.07.07"]
[Round "2"]
[Board "59"]
[White "Pipiska, Adam"]
[Black "Kula, Dominik"]
[Result "0-1"]
[WhiteElo "1676"]
[BlackElo "1906"]
[PlyCount "120"]
[EventDate "2013.07.06"]
[EventRounds "9"]
[EventCountry "SVK"]

1. e4 e5 2. Nf3 Nc6 3. Bb5 a6 4. Ba4 Nf6 5. d3 b5 6. Bb3 d6 7. Ng5 d5 8. exd5
Nd4 9. Nc3 Bb4 10. O-O Bxc3 11. bxc3 Nxb3 12. cxb3 Qxd5 13. Qf3 O-O 14. Re1 Bb7
15. Qxd5 Nxd5 16. c4 Nb4 17. Ba3 Nxd3 18. Re3 Rfd8 19. Kf1 h6 20. Ne4 b4 21.
Bc1 f5 22. Rxd3 Bxe4 23. Rxd8+ Rxd8 24. Bb2 Bd3+ 25. Ke1 e4 26. Rd1 Kf7 27. h3
h5 28. Be5 Rd7 29. a3 Ke6 30. Bb2 a5 31. axb4 axb4 32. Ra1 Bc2 33. Ra4 c5 34.
Ra6+ Rd6 35. Ra5 Rc6 36. Bxg7 Bxb3 37. Bf8 Bxc4 38. Rxc5 Rxc5 39. Bxc5 b3 40.
Bd4 Kd5 41. Bb2 f4 42. g4 fxg3 43. fxg3 e3 44. g4 hxg4 45. hxg4 Ke4 46. g5 Kd3
47. Kd1 Bf7 48. Be5 Bh5+ 49. Ke1 Ke4 50. Bg7 Kf5 51. Bd4 Ke4 52. Bg7 Be8 53.
Bf6 Bg6 54. Bg7 Kd3 55. Be5 Bh5 56. Bg7 Kc2 57. Be5 b2 58. Bxb2 Kxb2 59. g6 Kc3
60. g7 Bf7 0-1

[Event "V4 OPEN - International Championship of Slovakia 2
[Site "Banska Stiavnica"]
[Date "2013.07.07"]
[Round "2"]
[Board "60"]
[White "Laho, Matus"]
[Black "Dzikowski, Michal"]
[Result "0-1"]
[WhiteElo "1221"]
[BlackElo "1904"]
[PlyCount "125"]
[EventDate "2013.07.06"]
[EventRounds "9"]
[EventCountry "SVK"]

1. e4 c6 2. d4 d5 3. Nc3 dxe4 4. Nxe4 Nd7 5. Qe2 e6 6. Nf3 h6 7. g3 Ngf6 8. Bg2
Nxe4 9. Qxe4 Nf6 10. Qd3 Bd6 11. O-O O-O 12. Ne5 Bxe5 13. dxe5 Qxd3 14. cxd3
Nd7 15. d4 Rd8 16. b3 Nb6 17. Rd1 Bd7 18. Ba3 Be8 19. h4 Rd7 20. Be4 Rad8 21.
Bc5 Nc8 22. Rac1 f5 23. Bf3 Bg6 24. Rc4 h5 25. Kg2 Rf7 26. a4 Rfd7 27. a5 a6
28. Kh2 Rf7 29. Rd2 Kh7 30. Rc1 f4 31. Kg2 Rdd7 32. Re1 Ne7 33. g4 hxg4 34.
Bxg4 Bf5 35. f3 Nd5 36. Bxf5+ Rxf5 37. Kh3 Rh5 38. Rg1 Ne3 39. Ba3 Rxe5 40.
dxe5 Rxd2 41. Bc5 Rf2 42. Bxe3 Rxf3+ 43. Kg4 Rxe3 44. Kxf4 Rh3 45. Rd1 Rxh4+
46. Kg3 Re4 47. Rd7 Rxe5 48. Rxb7 Rxa5 49. Rb6 Rb5 50. Rxa6 Rxb3+ 51. Kf4 Rc3
52. Ke5 Rc1 53. Kxe6 c5 54. Kd5 c4 55. Kd4 c3 56. Kd3 g6 57. Rc6 Kh6 58. Rxc3
Rxc3+ 59. Kxc3 Kg5 60. Kd2 Kf4 61. Ke2 Kg3 62. Kf1 g5 63. Kg1 0-1

[Event "V4 OPEN - International Championship of Slovakia 2
[Site "Banska Stiavnica"]
[Date "2013.07.07"]
[Round "2"]
[Board "61"]
[White "Hyll, Jan"]
[Black "Sosovicka, Jakub"]
[Result "1/2-1/2"]
[WhiteElo "1899"]
[BlackElo "1620"]
[PlyCount "129"]
[EventDate "2013.07.06"]
[EventRounds "9"]
[EventCountry "SVK"]

1. d4 d5 2. Nf3 Nf6 3. e3 Bf5 4. Bd3 Bxd3 5. Qxd3 Nbd7 6. Nbd2 e6 7. e4 dxe4 8.
Nxe4 Be7 9. O-O O-O 10. Rd1 c5 11. Be3 cxd4 12. Bxd4 Rc8 13. c3 Qc7 14. Nxf6+
Nxf6 15. Be5 Qb6 16. Qe2 Rfd8 17. h3 Nd5 18. Bd4 Qc7 19. Qe5 Qxe5 20. Bxe5 Bd6
21. Bxd6 Rxd6 22. Rd2 Rb6 23. Rad1 h6 24. Ne5 Ra6 25. a3 Rc7 26. Rd4 Rb6 27.
R1d2 Ra6 28. g3 b5 29. Kf1 Kf8 30. Ke2 Ke7 31. Rg4 Kf6 32. Nd3 h5 33. Rh4 Kg6
34. Nf4+ Nxf4+ 35. Rxf4 e5 36. Rb4 Rc5 37. Rd7 Kf6 38. Rb7 Ra5 39. Kd3 Ke6 40.
Ke3 Kf6 41. Rh4 Kg6 42. b4 Rxc3+ 43. Ke4 Raxa3 44. Rxb5 Rc4+ 45. Kxe5 Rxh4 46.
gxh4 Rxh3 47. Rb7 Rxh4 48. f4 Rh1 49. f5+ Kh6 50. Rxf7 Ra1 51. f6 gxf6+ 52.
Rxf6+ Kg5 53. Rf8 Kg4 54. Rg8+ Kf3 55. Rh8 Rh1 56. Rh7 h4 57. Rxa7 h3 58. Rf7+
Ke3 59. Rh7 h2 60. Rh3+ Kf2 61. Kf4 Kg2 62. Rg3+ Kf2 63. Rh3 Kg2 64. Rg3+ Kf2
65. Rh3 1/2-1/2

[Event "V4 OPEN - International Championship of Slovakia 2
[Site "Banska Stiavnica"]
[Date "2013.07.07"]
[Round "2"]
[Board "62"]
[White "Chovan, Milan"]
[Black "Weis, Dusan"]
[Result "1-0"]
[WhiteElo "1890"]
[BlackElo "1754"]
[PlyCount "75"]
[EventDate "2013.07.06"]
[EventRounds "9"]
[EventCountry "SVK"]

1. e4 e5 2. Nf3 Nc6 3. d4 exd4 4. Nxd4 Ne5 5. f4 Ng6 6. Bc4 d6 7. O-O Nf6 8.
Qd3 Be7 9. Nc3 O-O 10. Bd2 Re8 11. Rae1 Bf8 12. e5 dxe5 13. Bxf7+ Kxf7 14. Qc4+
Be6 15. Nxe6 Rxe6 16. f5 Qd4+ 17. Qxd4 exd4 18. fxe6+ Kg8 19. Ne4 Nd5 20. a3 b6
21. c4 Nde7 22. Nf2 c5 23. Nd3 Nc6 24. b4 h6 25. bxc5 bxc5 26. Rf5 Bd6 27. Rd5
Bf8 28. Nxc5 Nge7 29. Rd7 Ng6 30. Nd3 Bxa3 31. c5 Rb8 32. Rc7 Nge7 33. Ne5 Nxe5
34. Rxe5 Kf8 35. Re1 Ke8 36. Rf1 Nd5 37. Rxg7 Rb2 38. Rff7 1-0

[Event "V4 OPEN - International Championship of Slovakia 2
[Site "Banska Stiavnica"]
[Date "2013.07.07"]
[Round "2"]
[Board "63"]
[White "Snider, Lukas"]
[Black "Motuzova, Marta"]
[Result "1-0"]
[WhiteElo "2004"]
[BlackElo "1825"]
[PlyCount "133"]
[EventDate "2013.07.06"]
[EventRounds "9"]
[EventCountry "SVK"]

1. d4 Nf6 2. Nf3 d5 3. Bf4 c6 4. e3 Bg4 5. h3 Bxf3 6. Qxf3 e6 7. Bd3 h6 8. Nd2
Bd6 9. O-O Qc7 10. Rfe1 Nbd7 11. c3 O-O 12. Bxd6 Qxd6 13. e4 dxe4 14. Bxe4 Rac8
15. Rad1 Nxe4 16. Nxe4 Qd5 17. b3 Qa5 18. Re2 Qc7 19. c4 Rcd8 20. Red2 Nb6 21.
Qh5 Nc8 22. Rd3 Qf4 23. Qe2 Nd6 24. Nc3 Nf5 25. Ne4 Nd6 26. Ng3 Nf5 27. Nxf5
Qxf5 28. Qe5 Qxe5 29. dxe5 Rxd3 30. Rxd3 g5 31. Rd7 Rb8 32. c5 Kg7 33. Kf1 Kg6
34. Ke2 h5 35. g4 hxg4 36. hxg4 a6 37. Ke3 b6 38. Ra7 a5 39. cxb6 Rxb6 40. Rxa5
f6 41. exf6 Kxf6 42. f3 e5 43. Rc5 Ke6 44. Ke4 Rb4+ 45. Rc4 Rb6 46. b4 Ra6 47.
Rc2 Rb6 48. a3 Ra6 49. Rc3 Rb6 50. Rc5 Ra6 51. Rxe5+ Kf6 52. Rf5+ Kg6 53. Ra5
Rb6 54. Rc5 Ra6 55. Ra5 Rb6 56. Kd4 Rb8 57. Kc4 Rf8 58. Rf5 Ra8 59. Kb3 Rd8 60.
a4 Rd3+ 61. Kc4 Ra3 62. a5 Ra1 63. Rc5 Rc1+ 64. Kd3 Rd1+ 65. Ke2 Rd6 66. a6
Re6+ 67. Kf2 1-0

[Event "V4 OPEN - International Championship of Slovakia 2
[Site "Banska Stiavnica"]
[Date "2013.07.07"]
[Round "2"]
[Board "64"]
[White "Jedrocha, Katarzyna"]
[Black "Hlavac, Peter"]
[Result "1-0"]
[WhiteElo "1676"]
[BlackElo "1999"]
[PlyCount "115"]
[EventDate "2013.07.06"]
[EventRounds "9"]
[EventCountry "SVK"]

1. e4 Nc6 2. Nc3 Nf6 3. d4 e5 4. Nf3 Bb4 5. d5 Ne7 6. Bd3 d6 7. h3 O-O 8. a3
Bxc3+ 9. bxc3 Nexd5 10. exd5 e4 11. O-O exd3 12. Qxd3 Re8 13. Bg5 h6 14. Bh4
Bd7 15. Rab1 c5 16. Bxf6 Qxf6 17. Rxb7 Bf5 18. Qd2 Bxh3 19. Ne1 Bc8 20. Rb1 Re5
21. Nf3 Rh5 22. Rfe1 Bg4 23. Re3 Bxf3 24. Rxf3 Qe5 25. Qf4 Qxf4 26. Rxf4 Rxd5
27. Rb7 f5 28. Ra4 Rd2 29. Ra6 Kh7 30. Rc6 a5 31. Rf7 Kg6 32. Rd7 Re8 33.
Rdxd6+ Rxd6 34. Rxd6+ Kg5 35. Rd5 Rc8 36. Rd7 g6 37. Ra7 c4 38. Rxa5 Re8 39.
Kf1 h5 40. a4 Kg4 41. Rc5 h4 42. Rxc4+ f4 43. a5 Re6 44. Ra4 Ra6 45. c4 Kf5 46.
Ke2 g5 47. f3 g4 48. fxg4+ Kxg4 49. Kf2 Kf5 50. Kf3 Ke5 51. c5 Rg6 52. a6 Rg3+
53. Kf2 Rg8 54. a7 Ra8 55. Kf3 Kd5 56. Kxf4 Kxc5 57. Kg4 Kb5 58. Ra2 1-0

[Event "V4 OPEN - International Championship of Slovakia 2
[Site "Banska Stiavnica"]
[Date "2013.07.07"]
[Round "2"]
[Board "65"]
[White "Sturc, Jan"]
[Black "Diviak, Rudolf"]
[Result "1-0"]
[WhiteElo "1999"]
[BlackElo "1799"]
[PlyCount "41"]
[EventDate "2013.07.06"]
[EventRounds "9"]
[EventCountry "SVK"]

1. d4 Nf6 2. c4 d6 3. Nc3 g6 4. Nf3 Bg7 5. e4 O-O 6. Bf4 Nbd7 7. Be2 Nh5 8. Be3
e5 9. dxe5 dxe5 10. g3 c6 11. Qb3 Qc7 12. Rd1 Kh8 13. O-O f5 14. Ng5 Ndf6 15.
Bc5 h6 16. Bd6 Qa5 17. Bxf8 Bxf8 18. Bxh5 Nxh5 19. Nf7+ Kg7 20. Nd6 Be6 21.
Qxb7+ 1-0

[Event "V4 OPEN - International Championship of Slovakia 2
[Site "Banska Stiavnica"]
[Date "2013.07.07"]
[Round "2"]
[Board "66"]
[White "Lovas, Miklos"]
[Black "Laho, Lukas"]
[Result "1/2-1/2"]
[WhiteElo "1975"]
[BlackElo "1835"]
[PlyCount "34"]
[EventDate "2013.07.06"]
[EventRounds "9"]
[EventCountry "SVK"]

1. e4 e6 2. d4 d5 3. Nc3 Bb4 4. e5 Ne7 5. a3 Bxc3+ 6. bxc3 c5 7. Nf3 b6 8. Be2
Ba6 9. Bxa6 Nxa6 10. Bg5 h6 11. Bxe7 Qxe7 12. Nd2 Nc7 13. Qg4 O-O 14. h4 Nb5
15. Rh3 cxd4 16. cxd4 Rac8 17. a4 Nc3 1/2-1/2

[Event "V4 OPEN - International Championship of Slovakia 2
[Site "Banska Stiavnica"]
[Date "2013.07.07"]
[Round "2"]
[Board "67"]
[White "Ferkova, Dominika"]
[Black "Kravec, Patrik"]
[Result "0-1"]
[WhiteElo "1603"]
[BlackElo "1916"]
[PlyCount "126"]
[EventDate "2013.07.06"]
[EventRounds "9"]
[EventCountry "SVK"]

1. d4 f5 2. c4 Nf6 3. Nc3 e6 4. Bg5 Be7 5. Nf3 O-O 6. Bxf6 Bxf6 7. e4 fxe4 8.
Nxe4 Be7 9. Bd3 b6 10. O-O Bb7 11. a3 Qe8 12. b4 Qh5 13. Ne5 Qxd1 14. Rfxd1 d6
15. Nf3 h6 16. Re1 Nd7 17. Ng3 Bxf3 18. gxf3 Bf6 19. Rxe6 Bxd4 20. Rd1 Bf6 21.
Be4 Rfe8 22. Bd5 Kh8 23. Rde1 Ne5 24. Rxe8+ Rxe8 25. Kg2 Rf8 26. b5 Nd3 27. Rd1
Nf4+ 28. Kf1 Be5 29. Be4 g6 30. Ne2 Ne6 31. Bxg6 Rxf3 32. Rd3 Rxd3 33. Bxd3
Bxh2 34. Kg2 Be5 35. Kf3 Nc5 36. Bc2 h5 37. Nf4 Bxf4 38. Kxf4 Ne6+ 39. Kg3 Kg7
40. Bd1 Kh6 41. Kh4 Nf4 42. Kg3 Kg5 43. Bc2 Ne2+ 44. Kg2 Kf4 45. Bd1 Nc3 46.
Bxh5 Nb1 47. a4 Nc3 48. Kf1 Nxa4 49. Ke2 Nc5 50. Bf7 a6 51. bxa6 Nxa6 52. Kd3
Nb4+ 53. Kc3 Nc6 54. Bd5 Ne5 55. Kb4 c6 56. Bg2 c5+ 57. Kb5 Nd3 58. Kxb6 Nxf2
59. Kc6 Ke5 60. Bd5 Ng4 61. Kc7 Ne3 62. Kc6 Nxd5 63. cxd5 c4 0-1

[Event "V4 OPEN - International Championship of Slovakia 2
[Site "Banska Stiavnica"]
[Date "2013.07.07"]
[Round "2"]
[Board "68"]
[White "Lecky, Juraj"]
[Black "Szostko, Jakub"]
[Result "1/2-1/2"]
[WhiteElo "1826"]
[BlackElo "1895"]
[PlyCount "65"]
[EventDate "2013.07.06"]
[EventRounds "9"]
[EventCountry "SVK"]

1. e4 c5 2. Nf3 e6 3. d4 cxd4 4. Nxd4 Nf6 5. Nc3 d6 6. Bg5 Be7 7. f4 h6 8. Bh4
Nxe4 9. Bxe7 Nxc3 10. Bxd8 Nxd1 11. Rxd1 Kxd8 12. Nb5 Nc6 13. Nxd6 Ke7 14. Be2
Rd8 15. Nxc8+ Raxc8 16. c3 Rxd1+ 17. Kxd1 f5 18. Kd2 Kf6 19. Ke3 g5 20. g3 Rd8
21. h4 gxf4+ 22. gxf4 Ne7 23. Rg1 Rd7 24. Rg2 e5 25. fxe5+ Kxe5 26. Bf3 f4+ 27.
Ke2 Nf5 28. Rg6 b6 29. Bg4 Ng3+ 30. Ke1 Rd6 31. Rg8 Ke4 32. Re8+ Kd3 33. Kd1
1/2-1/2

[Event "V4 OPEN - International Championship of Slovakia 2
[Site "Banska Stiavnica"]
[Date "2013.07.07"]
[Round "2"]
[Board "69"]
[White "Surka, Marian"]
[Black "Mandak, Miroslav"]
[Result "0-1"]
[WhiteElo "1746"]
[BlackElo "1996"]
[PlyCount "88"]
[EventDate "2013.07.06"]
[EventRounds "9"]
[EventCountry "SVK"]

1. d4 Nf6 2. Nc3 d5 3. Bg5 Nbd7 4. Qd3 c6 5. O-O-O e6 6. f3 Be7 7. h4 b5 8. e4
a5 9. g4 b4 10. Na4 Ba6 11. Qe3 Bxf1 12. Rxf1 Qb8 13. e5 Qb5 14. Ne2 Qxa4 15.
exf6 gxf6 16. Bf4 Nb6 17. Kb1 Qb5 18. Nc1 a4 19. g5 Nc4 20. Qd3 f5 21. h5 O-O-O
22. Rf2 Rhg8 23. Rg1 c5 24. Qe2 cxd4 25. Nd3 Qb6 26. Rfg2 Kb7 27. g6 hxg6 28.
hxg6 f6 29. Bd2 e5 30. Rh1 Ka8 31. Rh7 Rde8 32. Bh6 Ne3 33. Rg1 f4 34. Qh2 Qe6
35. Qh5 Rc8 36. Bxf4 exf4 37. Nxf4 Qc6 38. Rc1 Bd6 39. Nd3 Qa6 40. g7 b3 41.
Qf7 bxc2+ 42. Ka1 Qxd3 43. Qxg8 Rxg8 44. Rh8 Qd1 0-1